Seminar sries on technology and development. V 2 (Record no. 23585)

MARC details
000 -LEADER
fixed length control field 00303nam a2200109Ia 4500
082 ## - DEWEY DECIMAL CLASSIFICATION NUMBER
Item number HEN.2
245 #0 - TITLE STATEMENT
Title Seminar sries on technology and development. V 2
260 ## - PUBLICATION, DISTRIBUTION, ETC. (IMPRINT)
Place of publication Washington
Name of publisher School of engineering
Year of publication 1974
700 ## - ADDED ENTRY--PERSONAL NAME
Personal name Henson, Leatha S
942 ## - ADDED ENTRY ELEMENTS (KOHA)
Koha item type Books
Holdings
Withdrawn status Lost status Damaged status Not for loan Home library Current library Date acquired Source of acquisition Full call number Accession Number Koha item type
        RRII Library RRII Library 16/12/2021 Auction HEN.2 04283 Books